Vainqueurs de Roland Garros - Statistiques

Statistiques générales
  • Ce quiz a été pris 104 fois
  • Le résultat moyen est 4 sur 8
Answers on the Grid
Answers color-coded by a green-red scale on the quiz's grid according to % correct below.
Rafael Nadal
Novak Djokovic
Casper Ruud
Hugo Gaston
Stanislas Wawrinka
Gael Monfils
Michael Chang
Yannick Noah
Andy Murray
Cyril Hanouna
Justine Henin
Andres Iniesta
Roger Federer
Arthur Fils
Cori Gauff
Iga Swiatek
Caroline Garcia
 
Statistiques - réponses
Réponse % Correct
Rafael Nadal
99%
Novak Djokovic
93%
Yannick Noah
77%
Stanislas Wawrinka
57%
Michael Chang
39%
Iga Swiatek
27%
Justine Henin
27%
Cori Gauff
13%
Aucun quiz correspondant
Distribution des résultats
% des personnes avec chaque résultat
Percentile par nombre de réponses
Votre historique - résultats
Vous n’avez pas pris ce quiz